000 00580nam a2200181Ia 4500
005 20250923145259.0
008 008 250917s9999 xx 000 0 eng d
037 _aReports
040 _aDSWL
_beng
_cDSWL
041 _aeng
_2eng
084 _aY59.27.N23, N71
_qDSWL
100 _aMane, Shankar Rao
_9833640
245 0 _aReport of the Commissioner for Sch. Castes Sch. Tribes 1970-71 (20th Report)
_cby Shankar Rao Mane
260 _aDelhi
_b Manager of Publication
_c1971
300 _a329p.
942 _cREP
_hY59.27.N23, N71
999 _c1449395
_d1449395